000 00334 a2200157 4500
001 173027
020 _a
040 _cMagnum
100 _aPrado, Lucilia Junqueira de Almeida
240 1 0 _aPara os verdes anos
_lpor
245 1 0 _aPara os verdes anos
362 0 _a1899
440 1 _aGlobal
697 _aIJ/GERAL
942 _cBK
999 _c173027
_d173027